Tierra: agroecología-medio ambiente-desarrollo rural (Registro nro. 17151)

Detalles MARC
000 -CABECERA
Campo de control 00255as aa2200097a 44500
090 ## - CLASIFICACIÓN LOCAL
Colección SERIADAS
Consecutivo 01421
041 0# - IDIOMA
Código de idioma para texto/pista de sonido o título separado
245 10 - MENCION DE TITULO
Título Tierra: agroecología-medio ambiente-desarrollo rural
260 ## - PUBLICACION, DISTRIBUCION, ETC. (PIE DE IMPRENTA)
Nombre del editor, distribuidor, etc. Editorial Kimpres Ltda
Lugar de publicación, distribución, etc. Colombia
942 ## - ELEMENTOS ADICIONALES (KOHA)
Tipo de ítem Periodica o revista
Existencias
Withdrawn status Lost status Damaged status No para préstamo Colección Fecha publicación (Año) Número revista Ubicación Permanente Ubicación actual Fecha de adquisición Fuente de Valor Total Checkouts Número topográfico Inventario / Código de Barras Date last seen Ejemplar Price effective from Forma de adquisición Tipo de material
        Hemeroteca 2002 1 Villa de Leyva Villa de Leyva 15/04/2003 Biocomercio   SERIADAS 01421 014084 25/03/2015 1 25/03/2015   Periodica o revista